| 000 | 00333nam a22001337a 4500 | ||
|---|---|---|---|
| 020 | _a9789693519617 | ||
| 040 | _cNUST | ||
| 082 | _a297.4 AHM | ||
| 100 |
_aAhmad Rafiq Akhtar, Prof _988774 |
||
| 245 | _aAhsan-e-Taqweem | ||
| 260 |
_aLAHORE: _bSang E Meel Publications, _c2014. |
||
| 650 |
_aISLAM-SUFISM _988775 |
||
| 942 |
_2ddc _cBK |
||
| 999 |
_c587773 _d587773 |
||